| 000 | 00655cam a2200193 a 4500 | ||
|---|---|---|---|
| 001 | 000001407 | ||
| 005 | 20200929145553.0 | ||
| 008 | 760521s1971 tr a 001 1 eng | ||
| 020 | _a0582761468 | ||
| 040 |
_aDO-SdBNP _cDLC _dDLC |
||
| 082 |
_a843 _bM995l |
||
| 245 | 0 | 0 |
_aMy lovely native land / _ccompilación, Arthur y Elma Seymour ; ilustrador, Leila Locke. |
| 260 |
_aTrinidad : _bLongman Caribbean Limited, _c1971. |
||
| 300 |
_avi, 138 p. : _bil. ; _c22 cm. |
||
| 650 | 4 |
_aLiteratura de guyana _ySIGLO XX _94707 |
|
| 700 | 1 |
_aSeymour, A. J. _ecomp. _q(Arthur J.) _94708 |
|
| 700 | 1 |
_aSeymour, Elma. _ecomp. _94709 |
|
| 910 | _aCatalogación por copia / LC | ||
| 999 |
_c1328 _d1328 |
||